02168cam a22004094i 4500003000900000005001700009008004100026035001900067035001900086040003300105082001800138245016600156264009200322300003900414336002100453337002500474338002300499490006300522505089100585526001001476526001001486526000901496526000901505526000901514526000901523526000901532526000901541526000901550526000801559526000801567526000801575526000801583526000801591651005701599651005201656700005001708PE-LiUPU20250731165548.0150625s r 000 0 d a(Sirsi) a34241 a(Sirsi) a34241 aPE-LiUPUbspacPE-LiUPUerda04a985.04bD22300aConspiraciones y rebeliones en el siglo XIX :bLa revolución del Cuzco de 1814 /crecopilación y prólogo de Ella Dunbar Temple, Horacio Villanueva Urteaga. 1aLima :bComisión Nacional del Sesquicentenario de la Independencia del Perú,c1971. a367 páginas ;c24 centímetros. atext2rdacontent aunmediated2rdamedia avolume2rdacarrier0 aColección Documental de la Independencia del Perú ;v3 aLibro de actas del cabildo del Cuzco. Archivo histórico -- Información producida en el juzgado del Sr. alcalde de primer voto por los cinco electores de la matriz, sobre lo ocurrido en la junta parroquial del día 7 de febrero de 1813 -- Nota de don Mariano Arriaga al intendente Ricafort sobre los sucesos de 1813 -- Nota de don José de Caceres al intendente don Mariano Ricafort sobre los sucesos de 1813 -- Oficio de Pumaccahua al virrey de Lima dirigido el 26 de abril de 1813 -- Pedro Paz solicita premio por su comportamiento en la revolución de 1814 -- Instrucción militar y económica para el ejercito auxiliar que se halla en la provincia de Guamanga -- Vindicación de don Mariano Villafuerte -- Proceso de Pumaccahua -- Confiscación de bienes de los patriotas -- Polonia García Pumaccahua solicita indulto para su marido don Fermín Quispe Carlos Inga.1815. aSEG44 aSEG26 aP151 aP150 aP149 aP146 aP145 aP126 aP125 aP92 aP75 aP74 aP27 aP15 aPerúxHistoriayEmancipación, 1808-1824vFuentes aPerúxHistoriayRevolución del Cusco, 1814.1 aVillanueva Urteaga, Horacio,d1918- ,erecop.